| 000 | 01431nam0a22003371 4500 | ||
|---|---|---|---|
| 001 | rc\266371 | ||
| 005 | 20260405154551.0 | ||
| 010 |
_a5-7620-0705-7 _930000 |
||
| 035 | _a(NLR Aleph) 005471235 | ||
| 090 |
_a5048360 _c5048360 |
||
| 100 | _a20030307d1993 |||y0rusy50 ca | ||
| 101 | 0 | _arus | |
| 102 | _aRU | ||
| 105 | _ay ||||||||| | ||
| 200 | 1 |
_aИзнанка мюзик-холла _eИзбр. произведения _e[Пер. с фр.] _fКолетт |
|
| 210 |
_aНовосибирск _cНовосиб. кн. изд-во _d1993 |
||
| 215 |
_a447, [1] с. _d21 |
||
| 225 | 1 | _aДорогим женщинам | |
| 300 | _aНа обороте тит. л. авт.: Габриэль Сидони Колетт (1873-1954) | ||
| 327 | 1 | _aСодерж.: Странница; Изнанка мюзик-холла; Ранние всходы; Закуток; Жижи | |
| 464 | 0 |
_12001#$aСтранница _tСтранница |
|
| 464 | 0 |
_12001#$aИзнанка мюзик-холла _tИзнанка мюзик-холла |
|
| 464 | 0 |
_12001#$aРанние всходы _tРанние всходы |
|
| 464 | 0 |
_12001#$aЗакуток _tЗакуток |
|
| 464 | 0 |
_12001#$aЖижи _tЖижи |
|
| 700 | 1 |
_7ca _8rus _aКолетт _bС.-Г. _f1873-1954 _gСидони-Габриель _948414 _3RU\NLR\auth\7765485 |
|
| 801 | 0 |
_aRU _bNLR _gpsbo |
|
| 801 | 1 |
_aRU _bELAR _2rusmarc |
|
| 852 |
_aNLR _j94-3/4690 |
||
| 942 | _cBOOK | ||
| 980 | _aNB | ||